00502 2200193 4500001002100000005001500021008004100036020002200077035001900099041000700118082001300125090001900138100002000157245004400177260003600221300002400257500001100281650001600292INLIS00000000000232620241224112522241224||||||||| | ||| |||| || |  a978-602-8200-44-8 0010-1224002326 aid0 a610.7301 a610.7301 ERM k0 aErmawati Dalami00aKonsep Dasar Keperawatan Kesehatan Jiwa aJakartabTrans Info Mediac2010 ax, 133 hlm. ; 21 cm aCet. 1 0aKeperawatan